1760 1936 1439 1013 1481 1755 1315 1620 1269 1401 1893 1545 1071 1833 1502 1378 1561 1532 1147 1978 1611 1127 1996 1249 1740 1646 1045 1437 1018 1534 1886 1783 1225 1447 1859 1000 1157 1396 1875 1418 1295 1247 1254 1458 1954 1794 1904 1286 1891 1502 1159 1219 1631 1469 1260 1120 1951 1896 1051 1479 1345 1844 1849 1378 1864 1488 1383 1339 1322 1519 1695 1137 1006 1852 1386 1061 1603 1981 1036 1190 1239 1923 1386 1636 1070 1291 1794 1412 1461 1857 1594 1579 1824 1648 1918 1760 1518 1778 1946 BCNSPRNW ULIB Ver.6.0+V

เปลี่ยนเป็นภาษาไทย

Change to English
 แสดงรายละเอียดบรรณานุกรม
  กลับหน้าหลัก

Brief Record : Get Marc (ISO 2709) : E-mail record : QR code < ปิดหน้าต่าง
LEADER : 00000nam 2200000uu 4500
001    13399110586
003     ULIB
008    110603s2553||||th 000 0 tha d
020    9789744141620
050  4 PE1130^bส867พ2553
100 0  สุรีรัตน์ ทองอินทร์
245 00 พูดภาษาอังกฤษขั้นเทพ^xSpeak English^cสุรีรัตน์ ทองอินทร์
246 0  Speak English
260    กรุงเทพฯ:^bบิสคิต,^c2553
300    147 หน้า :^bภาพประกอบ,^c21 ซม
650  7 ภาษาอังกฤษ^xการพูด
945    ^p175^l0^i18219
995    เกษร
999    ^aใช้งานได้ทุกระบบ
รายการนี้ยังไม่มีแท็ก
คุณยังไม่ได้ล็อกอิน คุณสามารถมีกิจกรรมร่วมกับเว็บไซต์ได้ แต่ต้องล็อกอินก่อน ::
  ล็อกอิน

รายการสื่อสารสนเทศ

ลำดับที่ ประเภท เลขเรียก/บาร์โค้ด สถานที่ สถานะ
- ไม่พบข้อมูล -

รายการใกล้เคียง
    ผู้แต่ง [สุรีรัตน์ ทองอินทร์]

BibComment


ยังไม่เคยถูกคอมเมนท์

คอมเมนท์ทรัพยากรรายการนี้
  คอมเมนท์: พูดภาษาอังกฤษขั้น..


 Copyright 2026. Bcnsprnw @Library